000 01492nam a2200289Ia 4500
001 D5736
003 IT-RoPAU
008 130308s9999 xx 000 0 und d
040 _aIT-RoPAU
040 _cIT-RoPAU
041 _aITALIANO
100 _aMorra Marciano
100 _gCodice Aut. SPICS: 45750
245 _aMissione al popolo e la comunità parrocchiale (La)
245 _bMissione al Popolo e la Comunita' Parrocchiale (La)
250 _a1a ed.
260 _aFOGGIA
260 _bIncontro Alla Luce
260 _c1995 [1° Ed.:1995 - Ed.Ling.Originale:1995]
300 _a"464 p. (prefazione: no ; testo: 464)"
500 _aFondamenti Dottrinali e Storici: Evangelizzazione Anima della Chiesa, cenni storici Sulle Missioni Popolari. Organizzazione e Dinamica delle Missioni: Quale missione Oggi?: Nuova Evangelizzazione e missione Popolare, Significato di missione al Popolo, Operatori della Missione. Metodologia e Organigramma della Missione. Specifiche Aree di Intervento: Pastorale della Famiglia, Pastorale dei Giovani, Pastorale del Lavoro. Strumenti della Missione: gruppi di Ascolto, gruppi di Diaconia, comunicazioni Sociali. Destinatari della Missione. Appendici: sussidi per I gruppi di Ascolto, Studio del Contesto Socio Religioso, Modelli Vari, Predicazione Francescana: Appunti Esperienziali. Bibliografia.
650 _aSAGGI PASTORALE COMUNICAZIONE SOCIALE
650 _eCodice materia Spics: 9311
942 _cBK
957 _71
999 _c95574
_d95574
999 _g1